MDQL
is popping MORE tags! Check the
thread
!
Quizzes
Events
Quiz Creation
Community
Videos
Private Events
Remove Ads
Sign In
Join for FREE
Feedback
Dark Mode
Quiz Categories
Sports
Geography
Music
Movies
Television
Just For Fun
Miscellaneous
History
Literature
Language
Science
Gaming
Entertainment
Religion
Holiday
For Kids
Quiz Lab
Recent
Popular Today
Quiz Kudos Today
Editor Picks
Curator Picks
Quizzes by...
Day
Popularity
Type
Ratings
Length
Year
Community
Subscriptions
Recent Discussions
Orange Saloon
Badges
Playlists
Quests
Create
Leaderboards
Showdown
Live 5
Trivia Bingo
Activity
Puzzle Library
Sporcle Events
Private Events
Virtual Trivia
Globe League
Become a Host
Pub Owners
SporcleCon
Opinionation
Our Games
Videos
Blog
Mobile Apps
Partnerships
Remove Ads and Go Orange
Feedback
Sports
Athletes
MLB
NBA
NHL
NFL
Soccer
Sports Teams
WWE
NCAA
Football
Premier League
Basketball
Baseball
Hockey
Golf
Tennis
Cricket
Rugby
Auto Racing
Olympics
World Cup
Sports
Athletes
MLB
NBA
NHL
NFL
Soccer
Sports Teams
WWE
NCAA
Football
Premier League
Basketball
Baseball
Hockey
Golf
Tennis
Cricket
Rugby
Auto Racing
Olympics
World Cup
Random Quiz
Search Sporcle
×
Quiz Lab
Quiz Lab
Sports
Baseball
Type in answers that appear in a list
Type in answers that appear in a list
Classic
Best Score? Go Orange.
Mlb stadiums circa 1970 Stats
Can you name the mlb stadiums circa 1970?
By
boyzby85
8m
24 Questions
173 Plays
173 Plays
173 Plays
Comments
Comments
Give Quiz Kudos
Give Quiz Kudos
-
- Ratings
hide this ad
Replay
Link that replays current quiz
Next Quiz
Link to next quiz in quiz playlist
You Got
0%
They Got
Avg Score
71%
Avg Friend Score
Upgrade to see
Score Distribution
Jump to the score distribution portion of the page
Score
0/24
Timer
08:00
0
Plays Today
team
stadium
% Correct
NL East-
Chicago Cubs
Wrigley Field
98.8%
NL East-
New York Mets
Shea Stadium
98.3%
AL East-
Boston Red Sox
Fenway Park
94.2%
AL East-
New York Yankees
Yankee Stadium
93.6%
AL East-
Detroit Tigers
Tiger Stadium
93.1%
NL West-
Houston Astros
Astrodome
91.9%
NL East -
St Louis Cardinals
Busch Stadium
91.3%
NL West-
Los Angeles Dodgers
Dodger Stadium
90.8%
NL West-
San Francisco Giants
Candlestick Park
87.3%
AL East-
Baltimore Orioles
Memorial Stadium
79.2%
NL East-
Pittsburgh Pirates
Forbes Field
75.7%
AL West-
Chicago White Sox
Comiskey Park
75.7%
team
stadium
% Correct
NL East-
Montreal Expos
Jarry Park
69.9%
NL West-
Cincinnati Reds
Crosley Field
64.7%
NL West-
San Diego Padres
Jack Murphy Stadium
63%
NL West-
Atlanta Braves
Fulton County Stadium
61.8%
AL East-
Washington Senators
Municipal Stadium
61.8%
AL West-
Kansas City Royals
Municipal Stadium
61.8%
AL West-
Milwaukee Brewers
County Stadium
61.3%
AL West-
Minnesota Twins
Metropolitan Stadium
58.4%
AL West-
California Angels
Anaheim Stadium
52%
NL East-
Philadelphia Phillies
Connie Mack Stadium
46.8%
AL East-
Cleveland Indians
Cleveland Stadium
25.4%
AL West-
Oakland Athletics
Oakland Alameda County Stadium
10.4%
Quiz Playlist
Details
Report
Send in Message
Add To Playlist
Classic:
Type in answers that appear in a list
Last Updated: Feb 16, 2017
Quiz Scoreboard
CHALLENGE
Sign Up to Join the Scoreboard
Show All
Scores
Hide
Comments
May contain spoilers
Recently Published
1-10 Letter E Words III
by El_Dandy
Language
2m
Street Fighter Characters
by Artimus82
Gaming
60s
College Basketball Coaching Resumes
by pancakes188
Sports
9m
More to Explore
Quiz From the Vault
Featured Blog Post
Where Did the Easter Bunny Come From?
hide this ad
You Might Also Like...
Tags
Baseball Quiz
MLB Quiz
1970s
circa
Extra
Stadiums
team
Today's Top Quizzes in Sports
Browse Sports
hide this ad
Today's Top Quizzes in Baseball
Browse Baseball
Top Contributed Quizzes in Sports
1
2022 World Cup Stars
2
Les meilleurs buteurs des matchs entre le PSG et l’OM
3
FIFA Club World Cup Champions
4
Les entraîneurs de l'OM et du PSG au 21e siècle
5
Criteria MLB: Left Handed Sluggers
6
2023 MLB Unique Player Accomplishments
7
AFC Teams Reveal (Wrong Answers Minefield)
8
Players with Multiple 50 Home Run Seasons
9
5-to-1: FBS Animal Nicknames
10
5-to-1: UK Sports Teams
Explore More
Trending Topics
Crossword
Anime
Harry Potter
Disney
NBA
Kpop
Marvel
NFL
Country
WWE
Puzzle
Soccer
The Office
Pokémon
Song
hide this ad
More By:
boyzby85
Quiz
Plays
Rating
Category
Featured
Created
The Daily Show Correspondents
1,292
4.73
Television
Feb 21, 2012
Phillies opening day lineups (1960-1989)
471
4.50
Sports
Apr 4, 2012
Rush song (lyrics)
438
5.00
Music
Jan 23, 2012
MLB NL East Champs 1969-2011
333
4.14
Sports
Apr 27, 2012
Tolkien's Who's Your Daddy?
312
5.00
Literature
Dec 12, 2011
Go to Creator's Profile
Score Distribution
Quiz Creator Spotlight
boyzby85
Follow
Send a Message
Quizzes Created
-
Created Quiz Play Count
-
More By This Creator
Popular Quizzes Today
1
Find the US States - No Outlines Minefield
2
Find the Countries of Europe - No Outlines Minefield
3
The Countries of the World
4
Find the US States
5
Risky Map Clicking: Biggest States A-Z
6
US States
7
Popular People in 1961
8
Movies - When Are They Set?
More Sports Quizzes
Самые дорогие игроки РПЛ
Quiz Lab
Trending Quizzes
Risky Map Clicking: Least Populous States A-Z
USA Borders Longest to Shortest
1-10 Letter G Words
1-10 Letter F Words
Countries of the World: 200 Million BC
Recently Updated
Beyoncé Albums
pecheneg
Leaping Animals
pecheneg
Reality TV Shows (A-Z)
bhenderson79
Rickey Henderson's Hall of Fame Teammates
pecheneg
Champions League XIs: Arsenal
pecheneg
Quick Pick: Celebrities in WWE's Hall of Fame
aduchscher
A-Z Keypad Blitz II
pecheneg
Multiple Oscar Actors
pecheneg
Mystery Phrase Blitz: Oscar 'Best Actors'
pecheneg
F. Scott Fitzgerald Novels
LTH
Trending Topics
NBA
Kpop
Anime
Crossword
Marvel
Harry Potter
Disney
The Office
Song
Country
Pokémon
NFL
WWE
Puzzle
Soccer
Your Account Isn't Verified!
In order to create a playlist on Sporcle, you need to verify the email address you used during registration. Go to your
Sporcle Settings
to finish the process.
Report this User
Report this user for behavior that violates our
Community Guidelines
.
Details:
Send Report
Go to the Sporcle.com Mobile Site →
Comments